000 00795nam a2200253Ia 4500
003 OSt
005 20220925205009.0
006 a|||||r|||| 00| 0
007 ta
008 220923b |||||||| |||| 00| 0 eng d
020 _a0754614387
_c3220.6900000000001
037 _b51, 02/11/2006, J.K. BOOK INTERNATIONAL
_cGeneral Book
040 _aRTL
_cRTL
_beng
041 _2eng
_aeng
082 _aY72:7:7, P3
100 _aHopper Paul
_9153197
245 0 _aRebuilding communities in an age of individualism
260 _aHampshire
_bAshgate Publishing
_c2003
300 _a213p
_ccm.
500 _aBibliography: P 182-205
650 _aSociology
942 _hY72:7:7, P3
_cGB
_2CC
999 _c550944
_d550944